MARC

LEADER 00000cam a2200000 7i4500
001 0000001481
005 20010704.0
090 0 0 |a 338.17498   |b BRE 1988 
100 1 0 |a BRENNAN   |h G. K.   |c 1958- 
245 1 0 |a Economic utilisation of thinnings from the Jarrag Forest   |c G. K. Brennan 
260 0 0 |a (Harvey, W. A.) :   |b Wood Utilisation Research Centre ,   |c 1988 
300 |a vii p. :   |b ill., map ;   |c 30 cm. 
440 0 0 |a Report (Wood Utilisation Research Centre (W. A.); n. 1 
500 0 0 |a Bibliography: p. 84-91 
650 0 0 |a Forest products   |z Western Australia   |z Harvey Region 
650 0 0 |a Forest thinning   |x Economic aspects   |z Western Australia   |z Harvey Region 
650 0 0 |a Forest thinning   |z Western Australia   |z Harvey Region 
650 0 0 |a Jarrah   |z Western Australia 
710 1 1 |a Wood Utilisation Research Centre (W. A.) 
998 |a JPSM 
999 |a 0000005713   |b Monograph   |c Open Shelf   |e Default branch